| 000 | 00432 a2200157 4500 | ||
|---|---|---|---|
| 003 | OSt | ||
| 005 | 20231107162509.0 | ||
| 008 | 231107b |||||||| |||| 00| 0 eng d | ||
| 040 | _coclc | ||
| 082 |
_a954.83 _bGAF/K |
||
| 100 |
_aGafur, P M A _99860 |
||
| 245 |
_aKaalavum Kaalpadum / _cP M A Gafur |
||
| 260 |
_aKerala: _bYuvatha, _c2014. |
||
| 300 | _a252p | ||
| 942 |
_2ddc _cBK _h954.83 _iGAF/K _k954.83 _mGAF/K |
||
| 999 |
_c42878 _d42878 |
||